Η αραβοϊσραηλινή αντιπαράθεση : η προβληματική της ειρηνικής επίλυσης
Αποθηκεύτηκε σε:
| Κύριος συγγραφέας: | |
|---|---|
| Μορφή: | Βιβλίο |
| Γλώσσα: | Greek |
| Δημοσίευση: |
[Αθήνα] :
Παπαζήσης,
[199-;].
|
| Θέματα: | |
| Ετικέτες: |
Προσθήκη ετικέτας
Δεν υπάρχουν, Καταχωρήστε ετικέτα πρώτοι!
|
MARC
| LEADER | 00000cam a2200000 i 4500 | ||
|---|---|---|---|
| 001 | 1/46076 | ||
| 008 | 031210q19901995gr | ||| |||| ||gre|| | ||
| 020 | |a 9600208808 | ||
| 035 | |l 10071835 | ||
| 040 | |a GR-MY-UA |b gre |e aacr | ||
| 041 | 0 | |a gre | |
| 082 | 7 | |a 327.4305 |2 (22) | |
| 100 | 1 | |a Ηρακλείδης, Αλέξης, |d 1952- | |
| 245 | 1 | 2 | |a Η αραβοϊσραηλινή αντιπαράθεση : |b η προβληματική της ειρηνικής επίλυσης / |c Αλέξης Ηρακλείδης. |
| 260 | |a [Αθήνα] : |b Παπαζήσης, |c [199-;]. | ||
| 300 | |a 317 σ. ; |c 21 εκ. | ||
| 650 | 0 | 0 | |a Jewish-Arab relations |y 1917-1949. |
| 852 | |a INST |b LESVOS |e 20190207 |h 327.4305 ΗΡΑ |p 005100060665 |q 005100060665 |t BK |y 0 | ||
| 852 | |a INST |b RHODES |e 20031210 |h 327.4305 ΗΡΑ |p 005400019903 |q 005400019903 |t BK |y 0 | ||
| 852 | |a INST |b RHODES |e 20051108 |h 327.4305 ΗΡΑ |p 005400021984 |q 005400021984 |t BK |y 0 | ||
| 901 | |a BIBL4-2003-3 | ||
| 909 | |a Ρ |b 105006 | ||
| 909 | |a Ρ |b 122624 | ||
| 970 | |a ΚΟΥΛΑΚΙΟΤΗ |b ΛΙΤΣΑ |z 2003/12/10 | ||